醜醜
| 資料類型: | 圖書 | 書目號: | 28271 |
Leader xxxxxxxxxx 001 __ PCLIS00028271 005 __ 20011227143111.11 010 0_ |a957-560-707-4|b平裝|d新臺幣 170 元 020 __ |acw|b82005151 100 __ |a20011227d2001 0chib0109 e 101 0_ |achi 102 __ |acw 105 __ |aa z 000yy 200 1_ |a醜醜|e|f周芬伶著|g 205 __ |a初版 210 __ |a臺北市|c九歌|d90年五印 215 0_ |a126面|c圖, 表|d21公分 225 1_ |a九歌兒童書房|v42 681 __ |a859.6|b 700 __ |a周|b芬伶|4著 801 __ |acw|b本館|c20011227 |